000 00919nam a2200289 a 4500
999 _c10240
_d10240
001 10240
003 BD-JhCC
005 20180520122553.0
008 880808s1950 enk 000 0 eng
035 _a(OCoLC)858552806
_a(BD-JhCC)10240
040 _aDLC
_cFBC
_dBD-JhCC
041 _aeng
082 _bFRE 1950
_a150.1952
100 1 _aFreud, Sigmund,
_d1856-1939.
240 1 0 _aTotem und Tabu
245 1 0 _aTotem and taboo :
_bsome points of agreement between the mental lives of savages and neurotics /
_cby Sigmund Freud ; authorized translation by James Strachey.
260 _aLondon :
_bRoutledge & Kegan Paul,
_c1950.
300 _axi, 172 p. ;
_c19 cm.
500 _aTranslation of: Totem und tabu.
504 _aIncludes bibliographical references.
650 0 _aPsychoanalysis.
650 0 _aTaboo.
650 0 _aTotemism.
700 1 _aStrachey, James.
942 _2ddc
_cREF